[Event "Arapiraca Lopez Memorial 1st"]
[Site "Arapiraca"]
[Date "2016.??.??"]
[Round "6"]
[White "Da Fonseca, Alexandre Norman Ba"]
[Black "Dos Santos Neto, Manoel Eusebio"]
[Result "1-0"]
[WhiteElo "1734"]
[BlackElo "1800"]
[PlyCount "37"]
[EventDate "2016.07.16"]
[EventType "swiss"]
[EventRounds "6"]
[EventCountry "BRA"]
[SourceTitle "EXT 2017"]
[Source "ChessBase"]
[SourceDate "2016.10.25"]
[SourceVersion "1"]
[SourceVersionDate "2016.10.25"]
[SourceQuality "1"]

1. e4 e5 2. Nf3 Nc6 3. Bc4 Bc5 4. Nc3 Nf6 5. Na4 Nxe4 6. Nxc5 Nxc5 7. 0-0 0-0 8. d3 d6 9. Ng5 Nd4 10. Qh5 h6 11. Nxf7 Rxf7 12. Bxf7+ Kh8 13. Bxh6 Bg4 14. Qxg4 gxh6 15. a3 Nc6 16. f4 Nxd3 17. Qh5 Qf6 18. fxe5 Qg7 19. Rf6 1-0

[Event "Arapiraca Lopez Memorial 1st"]
[Site "Arapiraca"]
[Date "2016.??.??"]
[Round "5"]
[White "Dos Santos Neto, Manoel Eusebio"]
[Black "Barbosa, Gabriel Henrique De"]
[Result "1-0"]
[WhiteElo "1800"]
[BlackElo "1800"]
[PlyCount "35"]
[EventDate "2016.07.16"]
[EventType "swiss"]
[EventRounds "6"]
[EventCountry "BRA"]
[SourceTitle "EXT 2017"]
[Source "ChessBase"]
[SourceDate "2016.10.25"]
[SourceVersion "1"]
[SourceVersionDate "2016.10.25"]
[SourceQuality "1"]

1. e4 c5 2. Bc4 d6 3. Nc3 Nf6 4. Nf3 e6 5. 0-0 Nc6 6. d3 Be7 7. Bb5 Bd7 8. h3 a6 9. Bxc6 Bxc6 10. Nh2 0-0 11. f4 e5 12. fxe5 dxe5 13. Qf3 Qd6 14. Qg3 h6 15. Rf5 b5 16. Bxh6 Ne8 17. Ng4 Bf6 18. Nxf6+ 1-0

[Event "Arapiraca Lopez Memorial 1st"]
[Site "Arapiraca"]
[Date "2016.??.??"]
[Round "3"]
[White "Dos Santos Neto, Manoel Eusebio"]
[Black "Oliveira, Ornan Filipe de Ara"]
[Result "0-1"]
[WhiteElo "1800"]
[BlackElo "1800"]
[PlyCount "106"]
[EventDate "2016.07.16"]
[EventType "swiss"]
[EventRounds "6"]
[EventCountry "BRA"]
[SourceTitle "EXT 2017"]
[Source "ChessBase"]
[SourceDate "2016.10.25"]
[SourceVersion "1"]
[SourceVersionDate "2016.10.25"]
[SourceQuality "1"]

1. e4 c5 2. Bc4 d6 3. Nc3 Nf6 4. Nf3 e6 5. d4 cxd4 6. Nxd4 a6 7. 0-0 Be7 8. Kh1 b5 9. Bd3 Bb7 10. f4 b4 11. Nce2 Bxe4 12. Ng3 Bxd3 13. cxd3 0-0 14. Nh5 Qa5 15. Nxf6+ Bxf6 16. Nb3 Qd5 17. Rf3 Nc6 18. Rh3 g6 19. Qg4 a5 20. Rf3 a4 21. Nd2 Qd4 22. Ne4 Bg7 23. Qh4 f6 24. Rh3 h6 25. Qg3 Ne7 26. f5 exf5 27. Qxd6 Rad8 28. Qxe7 fxe4 29. Bxh6 Rf7 30. Qxe4 Qxe4 31. dxe4 Re7 32. Bxg7 Kxg7 33. Re3 Rd2 34. b3 a3 35. Kg1 f5 36. e5 Kf7 37. h3 Ke6 38. Kf1 Rc7 39. Re2 Rxe2 40. Kxe2 Rc2+ 41. Kf3 Kxe5 42. Re1+ Kd5 43. Re2 Rb2 44. Ke3 f4+ 45. Kd3 Rxe2 46. Kxe2 Kd4 47. Kd2 g5 48. Kd1 Kd3 49. Kc1 Ke2 50. Kc2 Ke3 51. Kd1 Kf2 52. Kd2 Kxg2 53. Ke2 f3+ 0-1